Obras morales y de costumbres : Moralia : Sobre la fortuna; Sobre la virtud y el vicio; Escrito de consolación a Apolonio; Consejos para conservar la salud; Deberes del matrimonio; Banquete de los siete sabios; Sobre la superstición /

Bajo el título Moralia se recopilan una serie de trabajos dispersos de Plutarco, presentados en diferentes estilos y formas literarias, recogidos en el siglo XIII por el monje bizantino Máximo Planudes; algunos de ellos son considerados hoy en día trabajos apócrifos o realizados por pseudo Plutarcos...

詳細記述

保存先:
書誌詳細
第一著者: Plutarco (autor)
その他の著者: Morales Otal, Concepción (introducción, notas y traducción) (introducción, notas y traducción), García López, José (introducción, notas y traducción) (introducción, notas y traducción)
フォーマット: 図書
言語:スペイン語
出版事項: Madrid, España : Gredos, 1986, c1986
シリーズ:(Biblioteca Clásica Gredos ; 98)
主題:
タグ: タグ追加
タグなし, このレコードへの初めてのタグを付けませんか!

MARC

LEADER 00000nam^a2200000^a^4500
001 000269025
005 20250521000000.0
009 20260310110913.197
020 |a 84-249-1069-9 
020 |a 84-249-1601-8 
037 |a Acervo ITESO - Biblioteca 
041 |a ESP 
082 |a 880.  |b BIB V. 98 
100 |a Plutarco  |e (autor) 
240 1 1 |a [Sobre la fortuna] 
240 1 1 |a [Sobre la virtud y el vicio] 
240 1 1 |a [Escrito de consolación a Apolonio] 
240 1 1 |a [Consejos para conservar la salud] 
240 1 1 |a [Deberes del matrimonio] 
240 1 1 |a [Banquete de los siete sabios] 
240 1 1 |a [Sobre la superstición] 
240 1 1 |a [Moralia] 
240 1 1 |a [Obras morales y de costumbres] 
245 1 0 |a Obras morales y de costumbres :  |b Moralia : Sobre la fortuna; Sobre la virtud y el vicio; Escrito de consolación a Apolonio; Consejos para conservar la salud; Deberes del matrimonio; Banquete de los siete sabios; Sobre la superstición /  |c Plutarco ; introd., notas y tr. por C. Morales Otal, J. García López. 
246 2 |a Título en la cubierta: Obra morales y de costumbres (Moralia) II 
264 4 |a Madrid, España :  |b Gredos,  |c 1986, c1986 
300 |a 329 p. 
336 |a texto  |b txt  |2 rdacontenido 
337 |a sin mediación  |b n  |2 rdamedio 
338 |a volumen  |b nc  |2 rdasoporte 
440 1 |a (Biblioteca Clásica Gredos ;  |v 98) 
520 |a Bajo el título Moralia se recopilan una serie de trabajos dispersos de Plutarco, presentados en diferentes estilos y formas literarias, recogidos en el siglo XIII por el monje bizantino Máximo Planudes; algunos de ellos son considerados hoy en día trabajos apócrifos o realizados por pseudo Plutarcos. Fueron escritos durante la juventud y madurez del autor y, aunque sus últimas décadas de vida las dedicó a la composición de las Vidas paralelas, en los Moralia se conservan algunas de sus últimas obras donde sintetiza su pensamiento. Tratan temas tan diversos como ética, política; filosofía, ciencia, teología, zoología, pedagogía e historia; incluye un conjunto de obras de tipo declamatorio. Editadas en trece volúmenes en la colección Biblioteca Clásica Gredos, la entrega número 2 de las Obras morales y de costumbres está formada por los siguientes trabajos: Sobre la fortuna; Sobre la virtud y el vicio; Escrito de consolación a Apolonio; Consejos para conservar la salud; Deberes del matrimonio; Banquete de los siete sabios y Sobre la superstición. 
545 0 |a Plutarco (Queronea, 46/50 – Delfos, después del año 120), prolífico literato y filósofo griego –naturalizado romano-, autor de una extensa obra compuesta por 277 títulos, según un antiguo catálogo incompleto y no del todo fiable. Un tercio de sus escritos ha sido conservado y su obra es clasificada en dos grupos: las obras morales, conocidas también como Moralia a partir de la Edad Media, y las obras históricas. Problemas de convivencia, Consolación a la esposa, Cuestiones griegas y Cuestiones romanas son cuatro títulos que destacan en el primer grupo. Sin embargo, debe su fama a sus obras históricas y en especial a las Vidas paralelas, conjunto de biografías de políticos y militares de la Antigüedad clásica, escritas entre los años 105 y 115. El autor presenta, mediante una estructura paralela, las biografías por parejas: uno de los personajes es griego y el otro romano. Perviven 23 pares y cuatro biografías individuales, entre las que algunos especialistas destacan los perfiles dedicados a Alejandro Magno y a Cayo Julio César. 
649 |a XX 
650 |a Aforismos Griegos 
650 |a Aforismos Clásicos 
650 |a Textos Breves Griegos 
650 |a Textos Breves Clásicos 
650 |a Ensayos Griegos 
650 |a Ensayos Clásicos 
650 |a Cartas Griegas 
650 |a Cartas Clásicas 
650 |a Religión y Literatura -  |z Grecia 
650 |a Literatura y Etica -  |z Grecia 
650 |a Filosofía y Literatura -  |z Grecia 
650 |a Literatura Griega 
650 |a Literatura Clásica 
650 |a Matrimonio -  |x Tema Principal 
650 |a Relaciones de Pareja 
650 |a Relaciones Intergénero 
650 |a Duelo -  |x Tema Principal 
650 |a Salud -  |x Tema Principal 
650 |a Medicina Popular 
650 |a Medicina Antigua 
650 |a Fortuna 
650 |a Destino y Fatalismo -  |x Tema Principal 
650 |a Virtudes -  |x Tema Principal 
650 |a Vicios 
650 |a Superstición 
650 |a Ateísmo -  |x Tema Principal 
650 |a Filosofía y Religión 
650 |a Etica -  |x Tema Principal 
650 |a Neoplatónicos -  |x Tema Principal 
650 |a Filosofía Griega 
650 |a Filosofía Clásica 
740 0 |a Sobre la fortuna /  |c Plutarco ; introd., notas y tr. por C. Morales Otal, J. García López. 
740 0 |a Sobre la virtud y el vicio /  |c Plutarco ; introd., notas y tr. por C. Morales Otal, J. García López. 
740 0 |a Escrito de consolación a Apolonio /  |c Plutarco ; introd., notas y tr. por C. Morales Otal, J. García López. 
740 0 |a Consejos para conservar la salud /  |c Plutarco ; introd., notas y tr. por C. Morales Otal, J. García López. 
740 0 |a Deberes del matrimonio /  |c Plutarco ; introd., notas y tr. por C. Morales Otal, J. García López. 
740 0 |a Banquete de los siete sabios /  |c Plutarco ; introd., notas y tr. por C. Morales Otal, J. García López. 
740 0 |a Sobre la superstición /  |c Plutarco ; introd., notas y tr. por C. Morales Otal, J. García López. 
700 |a Morales Otal, Concepción  |e (introducción, notas y traducción) 
700 |a García López, José  |e (introducción, notas y traducción) 
910 |a Fondo General 
920 |a Impresos - Libros 
930 |a Colección General 
940 |a Literatura 
905 |a 101 
901 |a 0500153960  |b IT1  |c LIT  |u 20250521 
902 |a https://opac.biblio.iteso.mx/vufind/Record/000269025